Great Buildings: The World's Architectural Masterpieces Explored and Explained (Record no. 12671)

000 -LEADER
fixed length control field 00397 a2200157 4500
003 - CONTROL NUMBER IDENTIFIER
control field OSt
005 - DATE AND TIME OF LATEST TRANSACTION
control field 20240713113338.0
008 - FIXED-LENGTH DATA ELEMENTS--GENERAL INFORMATION
fixed length control field 240713b ||||| |||| 00| 0 eng d
020 ## - INTERNATIONAL STANDARD BOOK NUMBER
International Standard Book Number ‎ 9780241298831
082 ## - DEWEY DECIMAL CLASSIFICATION NUMBER
Classification number 720.954
100 ## - MAIN ENTRY--PERSONAL NAME
Personal name DK
245 ## - TITLE STATEMENT
Title Great Buildings: The World's Architectural Masterpieces Explored and Explained
260 ## - PUBLICATION, DISTRIBUTION, ETC. (IMPRINT)
Name of publisher, distributor, etc DK
Date of publication, distribution, etc 2017
300 ## - PHYSICAL DESCRIPTION
Extent 256p;
942 ## - ADDED ENTRY ELEMENTS (KOHA)
Source of classification or shelving scheme
Holdings
Withdrawn status Lost status Source of classification or shelving scheme Damaged status Koha normalized classification for sorting Not for loan Permanent location Current location Date acquired Source of acquisition Cost, normal purchase price Full call number Barcode Date last seen Cost, replacement price Price effective from Koha item type
        720_954000000000000   BMS College of Architecture, Design and Planning BMS College of Architecture, Design and Planning 2024-07-13 1 1402.95 720.954 AR-UG3856 2024-07-13 1870.60 2024-07-13 B.PLAN
Copyright © 2025, The Librarian, Library and Information Centre, BMSCA D&P, Bengaluru. All Rights Reserved
web counter

Powered by Koha